Zastosowanie reprogramowalnych układów cyfrowych do sterowania ploterem / (Rekord nr 3690)
| 000 -ETYKIETA REKORDU | |
|---|---|
| podpole kontrolne o stałej długości | 01535naa a2200241 i 4500 |
| 001 - NUMER KONTROLNY REKORDU | |
| podpole kontrolne | 3690 |
| 003 - IDENTYFIKATOR NUMERU KONTROLNEGO REKORDU | |
| podpole kontrolne | KOSZ 005 |
| 005 - DATA OSTATNIEJ MODYFIKACJI REKORDU | |
| podpole kontrolne | 20180425093602.0 |
| 008 - POLE O STAŁEJ DŁUGOŚCI - DANE KONTROLNE | |
| podpole kontrolne o stałej długości | 151114s2004 pl f |100 0 pol d |
| 040 ## - ŹRÓDŁO KATALOGOWANIA | |
| Instytucja, która utworzyła rekord | BPK |
| Instytucja, która dokonała modyfikacji | KOSZ 005/ac |
| 080 ## - UNIWERSALNA KLASYFIKACJA DZIESIĘTNA - UKD | |
| UKD | 621.3.037.37 |
| 100 1# - NAZWA OSOBOWA | |
| Nazwa osobowa | MADEJ, Wiesław. |
| Lata pracy | 1997 - . |
| Instytucja | Politechnika Koszalińska - Instytut Elektroniki, |
| Wydział | Katedra Systemów Cyfrowego Przetwarzania Sygnałów |
| 245 10 - TYTUŁ/ODPOWIEDZIALNOŚĆ | |
| Tytuł | Zastosowanie reprogramowalnych układów cyfrowych do sterowania ploterem / |
| Pozostałe elementy strefy tytułu i oznaczenia odpowiedzialności | Wiesław Madej, Marek Rubanowicz. |
| 500 ## - UWAGI OGÓLNE | |
| Tekst uwagi | Dane z autopsji. |
| 520 ## - UWAGA DOTYCZĄCA TREŚCI DOKUMENTU | |
| Analiza dokumentacyjna, adnotacja itp. | W pracy przedstawiono przykład wykorzystania reprogramowalnych układów cyfrowych firmy Altera do sterowania 3-osiowym ploterem grawerującym. Praca stanowi część układu sterującego, który jest zbudowany z komputera z oryginalnym oprogramowaniem, interfejsu w postaci opisywanego układu oraz samego 3-osiowego plotera grawerującego, w którym elementami wykonawczymi są silniki krokowe. |
| 650 #0 - HASŁO PRZEDMIOTOWE W FORMIE NAZWY OGÓLNEJ LUB JEDNOSTKOWEJ | |
| Nazwa ogólna lub geograficzna | Układy cyfrowe. |
| 650 #0 - HASŁO PRZEDMIOTOWE W FORMIE NAZWY OGÓLNEJ LUB JEDNOSTKOWEJ | |
| Nazwa ogólna lub geograficzna | Sterowanie. |
| 655 #0 - TERMIN INDEKSOWY - OKREŚLENIE RODZAJU/FORMY DOKUMENTU | |
| Określnie rodzaju/formy dokumentu | Materiały konferencyjne. |
| 700 1# - HASŁO DODATKOWE - NAZWA OSOBOWA | |
| Nazwa osobowa | RUBANOWICZ, Marek. |
| Lata pracy | 1996 - . |
| Instytucja | Politechnika Koszalińska - Wydział Elektroniki, |
| Wydział | Katedra Systemów Cyfrowego Przetwarzania Sygnałów |
| 711 22 - HASŁO DODATKOWE - NAZWA IMPREZY | |
| Nazwa imprezy | Krajowa Konferencja Elektroniki |
| Oznaczenie części/sekcji dzieła | (3 ; |
| Data imprezy | 2004 ; |
| Miejsce imprezy | Kołobrzeg, Polska). |
| Nazwa części/sekcji dzieła | KKE'2004 |
| 773 0# - TYTUŁ DOKUMENTU MACIERZYSTEGO | |
| Wyrażenie wprowadzające | W : |
| Tytuł | Trzecia Krajowa Konferencja Elektroniki : materiały konferencji. T. 1/2. - |
| Adres wydawniczy | Koszalin : Wyd. Uczelniane Politechniki Koszalińskiej, 2004. - |
| Informacje dotyczące relacji | s. 381-386 |
| 942 ## - HASŁO DODATKOWE - ELEMENTY(KOHA) | |
| Typ dokumentu | Rozdział |
| Schemat klasyfikacji | Uniwersalna klasyfikacja dziesiętna |
| Wycofany | Zagubiony | Uszkodzony | Dostępność | Lokalizacja stała | Lokalizacja bieżąca | Sygnatura | Typ dokumentu |
|---|---|---|---|---|---|---|---|
| Dostępny | Bibliografia Prac Pracowników - BPK | Bibliografia Prac Pracowników - BPK | 72243 | Artykuł |
